000 00577cam a2200217 a 4500
001 3750904
005 20180224030537.0
008 820621s1983 mau b 001 0 eng
010 _a 82012680
020 _a0898381169
040 _aDLC
_cDLC
_dDLC
_dOCoLC
041 _aeng
080 _a330
082 0 0 _a330 KEN
_219
100 1 _a52
101 _aEKO
245 1 4 _aThe limits of economic science :
_cRichard B. McKenzie.
504 _aBibliography: p. 119-121.
906 _a7
_bcbc
_corignew
_d1
_eocip
_f19
_gy-gencatlg
942 _2ddc
_cBK
999 _c43349
_d43349